ბათუმის შოთა რუსთაველის სახელმწიფო უნივერსიტეტის ბიბლიოთეკა

პროკურორი როგორც სახელმწიფო ბრალმდებელი : (ბიბ.ჩანაწერი № 57337)

000 -ლიდერი
ფიქსირებული სიგრძის საკონტროლო ველი 01500nam a22002177a 4500
003 - საკონტროლო ნომრის იდენტიფიკატორი
საკონტროლო ველი Ge_BSU
005 - ბოლო ოპერაციის თარიღი და დრო
საკონტროლო ველი 20200525143503.0
008 - ფიქსირებული სიგრძის მონაცემთა ელემენტები - ზოგადი ინფორმაცია
ფიქსირებული სიგრძის საკონტროლო ველი 200525s2018ge xxu||||| |||| 00| 0 geo d
020 ## - წიგნის საერთაშორისო სტანდარტული ნომერი
International Standard Book Number 9789941960727
041 ## - ენის კოდი
Language code of text/sound track or separate title geo
080 ## - უნივერსალური ათობითი კლასიფიკაციის ინდექსი
Universal Decimal Classification number 343.163.5 კ-64
100 ## - მთავარი ჩანაწერი - პიროვნების სახელი
Personal name კობალაძე, პაატა.
9 (RLIN) 8191
245 ## - ცნობა სათაურის შესახებ
Title პროკურორი როგორც სახელმწიფო ბრალმდებელი :
Remainder of title [მონოგრაფია] /
Statement of responsibility, etc პაატა კობალაძე ; რედ : ირაკლი გაბისონია ; ვეფხვია გვარამია.
264 ## - წარმოების, გამოცემის, დისტრიბუციის და სხვა ცნობები
გამოცემის, წარმოების, დისტრიბუციის... ადგილი თბილისი :
გამოცემის, წარმოების, დისტრიბუციის... სახელწოდება იურისტების სამყარო,
გამოცემის, წარმოების, დისტრიბუციის... თარიღი 2018.
300 ## - ფიზიკური აღწერა
Extent 180 გვ. ;
Dimensions 20 სმ.
504 ## - BIBLIOGRAPHY, ETC. NOTE
Bibliography, etc ბიბლიოგრაფია: გვ. 157-179.
700 ## - ADDED ENTRY--PERSONAL NAME
Personal name გაბისონია, ირაკლი
Relator term რედაქტორი
9 (RLIN) 7024
700 ## - ADDED ENTRY--PERSONAL NAME
Personal name გვარამია, ვეფხვია
Relator term რედაქტორი
9 (RLIN) 8192
710 ## - ADDED ENTRY--CORPORATE NAME
Corporate name or jurisdiction name as entry element წიგნი გამოცემულია საქ. ტექნ. უნ-ტის სამართლისა და საერთ. ურთიერთობების ფაკ-ტის მიერ დამტკიცებული სამეცნიერო პროექტის "საგამოძიებო სამართლის" ფარგლებში.
9 (RLIN) 8193
942 ## - ADDED ENTRY ELEMENTS (KOHA)
Source of classification or shelving scheme
Koha item type წიგნი
ეგზემპლარები
ჩამოწერის სტატუსი დაკარგული ეგზემპლარის სტატუსი კლასიფიკაციის წყარო ან თაროზე გაწყობის სქემა დაზიანების სტატუსი არ გაიცემა მუდმივი მდებარეობა (დაცვის ადგილი) ამჟამინდელი ადგილსამყოფელი თაროზე განთავსების ადგილი შეძენის თარიღი ღირებულება, შესყიდვის ნორმალური ფასი სრული შენახვის შიფრი შტრიხკოდი ბოლო ოპერაციის თარიღი ეგზემპლარის მიმდევრობითი ნომერი (კეტერი?) ფასის ძალაში შესვლის თარიღი ეგზემპლარის სახეობა საჯარო შენიშვნა
          ბათუმის შოთა რუსთაველის სახელმწიფო უნივერსიტეტის მთავარი ბიბლიოთეკა ბათუმის შოთა რუსთაველის სახელმწიფო უნივერსიტეტის მთავარი ბიბლიოთეკა წიგნსაცავი 2020-05-25 12.00 343.163.5 კ-64 60503 2020-05-25 60503 2020-05-25 წიგნი 12ლ. 30თ.